LEADER 01392nam a2200289 u 4500 001 000000009027 003 CaOOAMICUS 005 20070226105147.0 008 941213s1948 fr u000 u fre u 035 $a10229122 040 $aPUL(R)$bita$dIAR 100 1 $aGardet, Louis,$d1904-$0(OLS)http://pul/name/3000 245 10$aIntroduction à la théologie musulmane :$bessai de théologie comparée /$cpar Louis Gardet et M.M. Anawati ; Préf. de Louis Massignon. 260 $aParis :$bJ. Vrin,$c1948. 300 $avii, 543 p. ;$c25 cm 490 1 $aEtudes de philosophie médiévale ;$v37 504 $a"Index des ouvrages et des articles cités": p. [509]-536. 650 0$aIslam$xRelations$xChristianity.$2//eng$0(OLS)http://pul/subject/7553 700 1 $aMassignon, Louis,$d1883-1962.$0(OLS)http://pul/name/8995 700 1 $aAnawati, Georges C.,$d1905-1994.$0(OLS)http://pul/name/8994 830 0$aEtudes de philosophie médiévale ;$v37.$0(OLS)http://pul/title/1367 850 $aPUL 852 $aPUL$W1$xSL Filosofia 2$y80$mPhil A4 37$j12737$nBK-PRI$b $qStampati altre collocazioni$B12737$CPULBib$Z2$F12737 $H $81 941 1 $a10 961 $aINV: 16693 996 $6245$aIntroduction à la théologie musulmane :$bessai de théologie comparée$9(OLS)http://pul/title/13264 996 $6260$aParis :$bJ. Vrin$9(OLS)http://pul/publisher/48393 LEADER 01004nam a2200265 u 4500 001 000000032417 003 CaOOAMICUS 005 20070226112241.0 008 971020s1957 it u000 u ita u 035 $a10773329 040 $aPUL(R)$bita 100 1 $aPaci, Enzo,$d1911-1976.$0(OLS)http://pul/name/5666 245 13$aLa filosofia contemporanea /$cEnzo Paci. 260 $aMilano :$bGarzanti,$cc1957. 300 $a267 p. ;$c19 cm 490 1 $aSaper tutto ;$v93-95 504 $a"Nota bibliografica": p. [261]-267. 650 4$aFilosofia$ySec. XX.$0(OLS)http://pul/subject/1924 830 0$aSaper tutto ;$v93-95.$0(OLS)http://pul/title/18144 850 $aPUL 852 $aPUL$W1$xDP1 Fondo Giannini$y60$m1556 C 14$j44698$nBK-PRI$b $qFondi$B44698$CPULBib$Z2$F44698 $H $81 941 1 $a1 961 $aINV: F. Giannini 996 $6245$aLa filosofia contemporanea$9(OLS)http://pul/title/44684 996 $6260$aMilano :$bGarzanti$9(OLS)http://pul/publisher/49146